|
|
|
|
| LEADER |
00000nam0a2200000 4500 |
| 001 |
196105 |
| 005 |
20231101224653.0 |
| 010 |
|
|
|a 9785459005080
|
| 035 |
|
|
|a (RuTPU)RU\TPU\book\213942
|
| 090 |
|
|
|a 196105
|
| 100 |
|
|
|a 20110518d2011 km y0rusy50 ca
|
| 101 |
1 |
|
|a rus
|c ger
|
| 102 |
|
|
|a RU
|
| 105 |
|
|
|a a z 001zy
|
| 200 |
1 |
|
|a Linux. Полное руководство
|e пер. с нем.
|f М. Кофлер
|
| 210 |
|
|
|a СПб.
|c Питер
|d 2011
|
| 215 |
|
|
|a 798 с.
|c ил.
|
| 320 |
|
|
|a Алфавитный указатель: с. 787-797.
|
| 330 |
|
|
|a Эта книга — перевод девятого издания фундаментального руководства Михаэля Кофлера, уже ставшего классикой. Михаэль Кофлер открыл путь в мир свободных операционных систем для нескольких поколений пользователей Linux. Журнал Linux-Magazin причисляет его к 15 наиболее влиятельным специалистам в данной области. Книга представляет собой справочник на тему «Как это делается в Linux», она будет полезна и актуальна для всех, кто хочет работать с Linux на ПК или на сервере.
|
| 606 |
1 |
|
|a Операционные системы
|2 stltpush
|3 (RuTPU)RU\TPU\subj\69886
|9 84548
|
| 610 |
1 |
|
|a Linux
|
| 610 |
1 |
|
|a возможности
|
| 610 |
1 |
|
|a использование
|
| 610 |
1 |
|
|a функции
|
| 675 |
|
|
|a 004.451
|v 4
|
| 700 |
|
1 |
|a Кофлер
|b М.
|g Михаэль
|
| 801 |
|
1 |
|a RU
|b 63413507
|c 20110518
|
| 801 |
|
2 |
|a RU
|b 63413507
|c 20150422
|g RCR
|
| 942 |
|
|
|c BK
|
| 959 |
|
|
|a 52/20110518
|d 2
|e 468,00
|f ЧЗТЛ:1
|f АНЛ:1
|